000 00759nam a2200241 a 4500
001 78419
003 BD-RjUL
005 20250817151408.0
008 210920s1984 ||||| |||| 00| 0 eng d
035 _a(BD-RjUL)78645
040 _aBD-RjUL
_beng
_cBD-RjUL
041 _aeng
082 _223
_a350
_bSTP 1984
100 _aStillman, Richard J.
_9248181
245 1 0 _aPublic administration :
_bconcepts and cases /
_cRichard J. Stillman
250 _a3rd. ed.
260 _aBoston :
_bHoughton Mifflin,
_c©1984.
300 _aXII, 529 pages :
_billustrations ;
_c24 cm.
650 _aPublic administration
_9248182
650 _aPublic Administration (Science)
_916608
650 _aPublic Administration (Science) Case Studies
_916609
942 _2ddc
_cBK
999 _c78419
_d78419